Catalog

Record Details

Catalog Search



Vampires in literature  Cover Image Book Book

Vampires in literature / Kris Hirschmann.

Record details

  • ISBN: 9781601521347 (alk. paper)
  • ISBN: 1601521340 (alk. paper)
  • Physical Description: 80 pages : illustrations (chiefly color) ; 24 cm.
  • Publisher: San Diego, CA : ReferencePoint Press, c2011.

Content descriptions

Bibliography, etc. Note:
Includes bibliographical references and index.
Formatted Contents Note:
Immortal attraction -- Laying the foundation -- Toward the modern age -- A vampire for every taste -- Twilight and beyond : vampires in teen literature -- More than just a good read.
Subject: Vampires in literature.

Available copies

  • 1 of 1 copy available at scottsboropl.

Holds

  • 0 current holds with 1 total copy.
Show Only Available Copies
Location Call Number / Copy Notes Barcode Shelving Location Status Due Date
scottsboropl J 398.45 Hir 32269000880800 Juvenile - NonFiction Available -

LDR 01173cam a2200289 a 4500
001133512
003CONS
00520140703073307.0
008100310s2011 caua b 001 0 eng
010 . ‡a 2010010104
020 . ‡a9781601521347 (alk. paper)
020 . ‡a1601521340 (alk. paper)
035 . ‡a(CPomAG)LMN505604
05000. ‡aPN56.V3 ‡bH57 2011
08200. ‡a809/.93375 ‡222
08214. ‡a809 ‡214
1001 . ‡aHirschmann, Kris, ‡d1967-
24510. ‡aVampires in literature / ‡cKris Hirschmann.
260 . ‡aSan Diego, CA : ‡bReferencePoint Press, ‡cc2011.
300 . ‡a80 pages : ‡billustrations (chiefly color) ; ‡c24 cm.
4901 . ‡aThe vampire library
504 . ‡aIncludes bibliographical references and index.
5050 . ‡aImmortal attraction -- Laying the foundation -- Toward the modern age -- A vampire for every taste -- Twilight and beyond : vampires in teen literature -- More than just a good read.
650 0. ‡aVampires in literature.
830 0. ‡aVampire library.
959 . ‡i32269000880800 ‡lJ809.9 Hir ‡aJuvenile - NonFiction ‡tJuv Nonfiction ‡g27.00
852 . ‡p32269000880800 ‡jJ809.9 Hir ‡gJuvenile - NonFiction ‡cJuv Nonfiction ‡y27.00 ‡bSBPL
901 . ‡a133512 ‡bUnknown ‡c133512 ‡tbiblio

Additional Resources